NBL Teams - Statistics

General Stats
  • This quiz has been taken 339 times
  • The average score is 8 of 9
Answer Stats
Hint Answer % Correct
Illawarra Hawks
92%
Sydney Kings
92%
Perth Wildcats
90%
New Zealand Breakers
89%
Cairns Taipans
89%
Brisbane Bullets
86%
Adelaide 36ers
85%
Melbourne United
84%
South East Melbourne Phoenix
79%
No matching quizzes found
Score Distribution
Percent of People with Each Score
Percentile by Number Answered
Your Score History
You have not taken this quiz